Médine - Médine France (Paroles) - Statistiques

Statistiques générales
  • Ce quiz a été pris 24 fois
  • Le résultat moyen est 146 sur 451
Statistiques - réponses
Paroles % Correct
Médine
100%
à la
95%
France
95%
pas
90%
Pas
90%
J'suis
85%
du
85%
J'suis
85%
j'suis
85%
Made In
80%
pour
80%
Pour
80%
quand
80%
Taiwan
80%
d'un casse croute
75%
la moitié
75%
j'vois
75%
à faire
70%
Algérie
70%
ça
70%
devant
70%
la queue
70%
les étudiants
70%
que
70%
à des
65%
l'CROUS
65%
c'est
60%
encore
60%
si
60%
Obtenir
55%
jamais
55%
sur
55%
y a
55%
Dubaï
50%
longtemps
50%
qu'on
50%
un texte
50%
USA
50%
Africa
45%
en Irak
45%
il
45%
j'me
45%
les rues
45%
temps
45%
comme
40%
coups
40%
en avance
40%
là bas
40%
le peuple
40%
mais
40%
normal
40%
Qatar
40%
Russia
40%
sur mon
40%
tout
40%
vilipende
40%
à changer
35%
America
35%
avec
35%
dans
35%
déjà
35%
des généraux
35%
d'la Mecque
35%
héro
35%
Ils
35%
J'ai
35%
les plus
35%
les premiers
35%
les rôles
35%
ni
35%
ont
35%
qu'ils
35%
riches
35%
toujours
35%
un seul
35%
y a trop
35%
Adama
30%
à l'un
30%
A Thanksgiving
30%
d'Edith Piaf
30%
de Riyad
30%
des indiens
30%
deux fois
30%
d'un president
30%
et l'
30%
être
30%
et toute
30%
et y aura
30%
Gandhi
30%
ils sont
30%
Ils sont
30%
j'prenne
30%
j'veux
30%
l'âge
30%
l'Europe
30%
Lune
30%
mauvaise
30%
mon père
30%
mort
30%
personnel
30%
plus
30%
que d'
30%
retourné
30%
sa corruption
30%
sur la
30%
torché
30%
toutes
30%
violentes
30%
vodka
30%
vouloir
30%
3k
25%
à Damas
25%
AirBnB
25%
à la base
25%
algérien
25%
Bob Marley
25%
ceux qui
25%
clairement
25%
d'ambition
25%
de la
25%
depuis
25%
des proches
25%
et la
25%
Fiche S
25%
grand-mère
25%
ils se
25%
Indiens
25%
j'me sens
25%
le nom
25%
le pèlerinage
25%
les noirs
25%
les poissons
25%
les vieillards
25%
l'histoire
25%
ma donné
25%
manqué
25%
Martin Luther
25%
médicalisé
25%
Médiniste
25%
ne l'étaient
25%
N.O.S
25%
nous
25%
par
25%
pauvres
25%
payer
25%
Pendant
25%
Pepita
25%
périphérique
25%
pour honorer
25%
pour surfer
25%
qui portent
25%
retraite
25%
Saoudia
25%
serais
25%
si j'étais
25%
soignant
25%
sont celle
25%
souviennent
25%
une envie
25%
vendent
25%
y a qu'
25%
à c'qu'il
20%
alors
20%
archipel
20%
au Black Friday
20%
avancent
20%
avec des
20%
chirurgie plastique
20%
de connards
20%
de faire
20%
défigure
20%
de gauche
20%
de nous
20%
des coups
20%
d'être
20%
du chemin
20%
du Drop Shipping
20%
el Madina
20%
emballés
20%
en train
20%
entre
20%
envie
20%
Etats-unienne
20%
et Pierre Desproges
20%
Frantz Fanon
20%
humaine
20%
Jacques Vergès
20%
j'perds
20%
la honte
20%
la mentale
20%
l'égal de
20%
le lendemain
20%
les autres
20%
leurs
20%
l'ouvres
20%
même
20%
neurotoxiques
20%
20%
ou
20%
peut plus
20%
plus de
20%
Politiquement
20%
position
20%
pranker
20%
prix nobel
20%
Pur produit
20%
Quand ils
20%
qui empoisonne
20%
qui font
20%
qu'les
20%
radicalisé
20%
s'appellent
20%
ses opposants
20%
soft power
20%
son plumard
20%
soudèrent
20%
t'es qu'un
20%
une boutique
20%
Valeurs Actuelles
20%
Ademo
15%
allume
15%
antigéniques
15%
appelle
15%
arbres
15%
au mieux
15%
au régime
15%
Chaque fois
15%
croit
15%
dans Pyramide
15%
d'calumet
15%
d'chichi
15%
de CBD
15%
de Népalais
15%
des armes
15%
des connards
15%
des Emirats
15%
de son peuple
15%
des pays
15%
des rafales
15%
des tests
15%
de taille
15%
de Total
15%
d'gerber
15%
d'la
15%
d'matraque
15%
En génocidant
15%
et passent
15%
islamiste
15%
j'sais
15%
J'sais
15%
jusqu'à
15%
la misère
15%
le foot
15%
le français
15%
les dindes
15%
les podcasts
15%
l'essence
15%
l'image
15%
moins
15%
nique
15%
oublié
15%
paraît
15%
perd
15%
pire ennemis
15%
Prends
15%
que de
15%
que des
15%
qui censure
15%
qu'pépé
15%
qu'un
15%
reculent
15%
refaire
15%
s'adressent
15%
salissant
15%
s'étouffe
15%
si la
15%
si tu
15%
sorti
15%
super tower
15%
tout âge
15%
un indigéniste
15%
un palmier
15%
vendre
15%
y a eu
15%
y a plus
15%
2022
10%
au contraire
10%
au meurtre
10%
barquettes
10%
besoin
10%
c'blaze
10%
chez qui
10%
d'autre
10%
de diplômés
10%
de fait
10%
defaut
10%
de jeux
10%
de sang
10%
des malls
10%
des parcs
10%
des réunion
10%
de Sri Lankais
10%
d'exilés
10%
d'Inde
10%
Disent
10%
d'sous
10%
du papier
10%
en non mixité
10%
est beaucoup
10%
Est-ce que
10%
fiscaux
10%
hier
10%
ils ont
10%
immenses
10%
intégré
10%
junte birmane
10%
l'aurore
10%
les bateaux
10%
les doss
10%
l'état
10%
me limiter
10%
me sentir
10%
mes repas
10%
militer
10%
noirs luttèrent
10%
nous protège
10%
ou bien
10%
plus vieux
10%
prêt à
10%
qu'appelons
10%
qu'j'prends
10%
qu'les richesses
10%
qu'leur
10%
rien
10%
sa beauté
10%
se protège
10%
si j'dois
10%
si j'suis
10%
son shab
10%
terre
10%
trouvé
10%
avec leurs
5%
d'bosseur
5%
de détailler
5%
de dinde
5%
de filet
5%
d'Ibn Battûta
5%
d'miff
5%
est pleine
5%
et Philippins
5%
l'bide
5%
l'blaze
5%
les bâtissant
5%
mieux partagée
5%
mille vies
5%
ou on
5%
Pays de Caux
5%
s'embrasse
5%
s'épouse
5%
si on
5%
vous serez
5%
y a v'là
5%
ça faisais
0%
conteneurs
0%
la Wold Cup
0%
peut-être
0%
que je rappe
0%
sont qu'
0%
venues
0%
vos bâches
0%
Aucun quiz correspondant
Distribution des résultats
% des personnes avec chaque résultat
Percentile par nombre de réponses
Votre historique - résultats
Vous n’avez pas pris ce quiz